Gaming Quiz

Random Gaming or Video Games Quiz

Video Games at the Beach Quiz Stats

 Plays Quiz Updated Aug 6, 2018

Challenge
Share
Tweet
Score 0/15 Timer 04:00
5 Plays Today
% Correct
Sonic Adventure
93.4%
Assassin’s Creed IV: Black Flag
90.4%
Grand Theft Auto: Vice City
88.4%
Kirby's Adventure
84.8%
Wii Sports Resort
83.2%
Super Mario Sunshine
82.6%
The Legend of Zelda: The Wind Waker
77.5%
Halo: Combat Evolved
73.3%
% Correct
Pokémon Sun and Moon
70.5%
Animal Crossing: New Leaf
50.6%
Medal of Honor: Allied Assault
44.7%
Jak and Daxter: Precursor Legacy
39.2%
Final Fantasy X
37.9%
Sid Meier's Pirates
35.1%
Cool Spot
20.1%

You're not logged in!

Compare scores with friends on all Sporcle quizzes.
OR
Log In

You Might Also Like...

Show Comments

Extras

Top Quizzes Today


Score Distribution

Your Account Isn't Verified!

In order to create a playlist on Sporcle, you need to verify the email address you used during registration. Go to your Sporcle Settings to finish the process.

Report this User

Report this user for behavior that violates our Community Guidelines.

Details: